| 000 | 00542nam a2200217Ia 4500 | ||
|---|---|---|---|
| 005 | 20250425160721.0 | ||
| 008 | 250425s9999 xx 000 0 und d | ||
| 020 | _a0538071400 | ||
| 041 | _aeng | ||
| 082 | _a658.05 | ||
| 100 | _aDEBRUM, PETER...(ET.AL.) | ||
| 245 | 0 | _aGENERAL BUSINESS: FOR ECONOMIC UNDERSTANDING | |
| 250 | _a11TH ED. | ||
| 260 | _aCINCINNATI | ||
| 260 |
_aEstados Unidos _bSOUTH-WESTERN PUBLISHING _c1976 |
||
| 300 | _a628 | ||
| 650 | _aADMINISTRACION | ||
| 650 | _aECONOMIA | ||
| 942 | _c01 | ||
| 010 | _a3337 | ||
| 999 |
_c194728 _d194728 |
||